| 000 | 00933nam a2200277 a 4500 | ||
|---|---|---|---|
| 003 | DO-SdBNP | ||
| 005 | 20220323135959.0 | ||
| 007 | ta | ||
| 008 | 210819e2021 dr a|||er|||| 001 edspa d | ||
| 020 | _a9789945221121 | ||
| 040 |
_aDO-SdBNP _bspa _cBNPHU |
||
| 082 | 4 |
_bB352a _222 |
|
| 100 | 1 |
_aBautista de Tineo, Reina, _979502 |
|
| 245 | 1 | 0 |
_aAyzer: _bel origen de una ayuda idónea / _cReina B. Tineo; Prólogo, Priscilla Tineo. Fotografía de portada, Jasak Then; Ilustración, Alexandra Ramos, |
| 260 |
_aSanto Domingo : _b[s.n.], _c2021 |
||
| 300 |
_a199 p.: _bil.; _c22 cm |
||
| 590 | _aInventariado 2021 / MF | ||
| 650 | 4 |
_951477 _aVida Espirtuales _xRelatos Personales |
|
| 650 | 4 |
_9271 _aVida Espiritual _xFe |
|
| 650 | 4 |
_9323 _aAutobiografía |
|
| 700 | 1 |
_aTieno,Priscilla, _epról. _981365 |
|
| 700 | 1 |
_aThen, Jasak _efotogr. _981366 |
|
| 700 | 1 |
_aRamos, Alexandra, _eil. _981367 |
|
| 910 | _aMFeliz | ||
| 942 |
_2ddc _cLBS1 |
||
| 999 |
_c50225 _d50225 |
||